Design the New Business (Record no. 333249)
[ view plain ]
| 000 -LEADER | |
|---|---|
| fixed length control field | 00512nam a2200097Ia 4500 |
| 008 - FIXED-LENGTH DATA ELEMENTS--GENERAL INFORMATION | |
| fixed length control field | 170517s9999 xx 000 0 und d |
| 245 ## - TITLE STATEMENT | |
| Title | Design the New Business |
| 300 ## - PHYSICAL DESCRIPTION | |
| Extent | Design and business can no longer be thought of as distinct activities with individual goals. Design the New Business is a film dedicated to investigating how designers and business people are working together in new ways to solve the... |
| 650 ## - SUBJECT ADDED ENTRY--TOPICAL TERM | |
| General subdivision | Business and Economics. |
| 856 ## - ELECTRONIC LOCATION AND ACCESS | |
| Uniform Resource Identifier | <a href="http://topdocumentaryfilms.com/design-new-business/">http://topdocumentaryfilms.com/design-new-business/</a> |
| Withdrawn status | Lost status | Damaged status | Home library | Current library | Date acquired | Total Checkouts | Date last seen | Price effective from | Koha item type |
|---|---|---|---|---|---|---|---|---|---|
| College Library | College Library | 05/17/2017 | 05/17/2017 | 05/17/2017 | Documentary Films |